LEADER 01157nam a2200265 4500 001 000000337657 003 CaOOAMICUS 005 20191031153011.0 008 191031s2007 it 000 u ita r 040 $aSeMil$bita 100 0 $aHomerus,$d.$0(OLS)http://semarc/name/1139 245 10$aIliade /$cOmero ; traduzione di Guido Paduano ; saggi introduttivi di Guido Paduano e Maria Serena Mirto. 264 1$aMilano :$bMondadori,$c2007. 300 $aLXXVIII, 874 p. ;$c18 cm 490 1 $aI classici collezione ;$v1 500 $aTesto orig. a fronte 500 $aSuppl. alleg. a: Panorama, TV Sorrisi e canzoni, Chi, Donna moderna, Grazia, Tu. 700 1 $aPaduano, Guido,$d<1944- >.$0(OLS)http://semarc/name/6268 700 1 $aMirto, Maria Serena.$0(OLS)http://semarc/name/55528 830 2$aI classici collezione ;$v1.$0(OLS)http://semarc/title/426636 850 $aSeMil 852 $aSeMil$W1$xVenegono$y1$m1X II 20$j218054$B230068$CSeMilBibl$Z2$F230068 $81 996 $6245$aIliade$9(OLS)http://semarc/title/196492 996 $6264$aMilano :$bMondadori$9(OLS)http://semarc/publisher/30335 LEADER 01951nam a2200361 i 4500 001 000000220318 003 CaOOAMICUS 005 20250723092259.0 008 130509s2013 it a 000 u mul r 020 $a978-88-7870-842-6 040 $aSeMil$bita 245 03$aLa figura di Costantino imperatore e l'ideologia imperiale nella storia culturale, religiosa, civile dei Paesi slavi /$ca cura di Francesco Braschi e Maria Di Salvo. 264 1$aMilano :$bBiblioteca Ambrosiana ;$aRoma :$bBulzoni,$c2013. 300 $aXIV, 216 p. :$bill. ;$c24 cm. 490 1 $aSlavica Ambrosiana ;$v4 490 1 $aAccademia Ambrosiana. Classe di slavistica 546 $aTesti in italiano, inglese e russo 600 04$aCostantino I : il Grande .$0(OLS)http://semarc/subject/5102 650 4$aImpero .$0(OLS)http://semarc/subject/39230 650 4$aCiviltà slava.$0(OLS)http://semarc/subject/58303 700 1 $aDi Salvo, Maria.$0(OLS)http://semarc/name/76143 700 1 $aBraschi, Francesco,$c.$0(OLS)http://semarc/name/8712 710 2 $aBiblioteca Ambrosiana : Accademia Ambrosiana.$0(OLS)http://semarc/name/87942 830 0$aSlavica Ambrosiana ;$v4.$0(OLS)http://semarc/title/36343 830 0$aAccademia ambrosiana. Classe di slavistica.$0(OLS)http://semarc/title/454017 850 $aSeMil 852 $aSeMil$W1$xVenegono$y1$m3TA U 4$j260149$B170674$CSeMilBibl$Z2$F181507 $81 961 $aOmaggio: Biblioteca Ambrosiana 996 $6020$a978-88-7870-842-6$9(OLS)http://semarc/number/218795 996 $6245$aLa figura di Costantino imperatore e l'ideologia imperiale nella storia culturale, religiosa, civile dei Paesi slavi$9(OLS)http://semarc/title/316000 996 $6264$aMilano :$bBiblioteca Ambrosiana$9(OLS)http://semarc/publisher/29741 996 $6264$aRoma :$bBulzoni$9(OLS)http://semarc/publisher/30302